000 00992nam a2200205Ia 4500
001 11106
003 GE_BSU
008 181216s||||||||xx |||||||||||||| ||und||
040 _cGE_BSU
080 _a58(038)+81'373.221=353.1=161.1=124
100 _aმაყაშვილი,ა.
245 _aბოტანიკური ლექსიკონი.მცენარეთა სახელწოდებანი=Ботанический словарь.Названия Растений.
245 _cრედ.დ.ფაილოძე; მხატვ.ი.ჯანაშვილი.
260 _aთბილისი.
260 _bსაბჭოთა საქართველო.
260 _c1961.
300 _a260გვ;26სმ.
653 _aბოტანიკური ლექსიკონი.მცენარეთა სახელწოდებანი=Ботанический словарь.Названия Растений.
942 _cBK
999 _c44345
_d44345